000
00273nam a2200121 a 4500
008
100916s1979|||| d
245
1
0
_a
Peter a Lucia
100
1
_a
Rolland, Romain
260
_b
Tatran
_a
Bratislava
_c
1979
044
_a
xo
_c
SK
041
_a
slo
020
_c
12
999
_c
10386
_d
10386